<?xml version="1.0" encoding="UTF-8"?>
<record
    xmlns:xsi="http://www.w3.org/2001/XMLSchema-instance"
    xsi:schemaLocation="http://www.loc.gov/MARC21/slim http://www.loc.gov/standards/marcxml/schema/MARC21slim.xsd"
    xmlns="http://www.loc.gov/MARC21/slim">

  <leader>01546nam a2200301 a 4500</leader>
  <controlfield tag="005">20240521090322.0</controlfield>
  <controlfield tag="008">100318t2005||||ag a   f |||| 001 0 spa d</controlfield>
  <datafield tag="020" ind1=" " ind2=" ">
    <subfield code="a">9874390654</subfield>
  </datafield>
  <datafield tag="041" ind1=" " ind2=" ">
    <subfield code="a">spa</subfield>
  </datafield>
  <datafield tag="092" ind1=" " ind2=" ">
    <subfield code="c">616.86</subfield>
    <subfield code="l">67</subfield>
    <subfield code="s">PIT</subfield>
  </datafield>
  <datafield tag="100" ind1="1" ind2=" ">
    <subfield code="a">Pitarque, Ra&#xFA;l</subfield>
    <subfield code="9">3756</subfield>
  </datafield>
  <datafield tag="245" ind1=" " ind2=" ">
    <subfield code="a">Tabaquismo en Argentina.</subfield>
    <subfield code="b">Enfermedad, discapacidad y muerte / </subfield>
    <subfield code="c">Ra&#xFA;l Pitarque</subfield>
  </datafield>
  <datafield tag="250" ind1=" " ind2=" ">
    <subfield code="a">1a ed.</subfield>
  </datafield>
  <datafield tag="260" ind1=" " ind2=" ">
    <subfield code="a">Buenos Aires: </subfield>
    <subfield code="b">UATA ; OPS;</subfield>
    <subfield code="c">2005.</subfield>
  </datafield>
  <datafield tag="300" ind1=" " ind2=" ">
    <subfield code="a">182 p.</subfield>
  </datafield>
  <datafield tag="500" ind1=" " ind2=" ">
    <subfield code="a">Pitarque, R. (2005). Tabaquismo en Argentina. Enfermedad, discapacidad y muerte. (1a ed.). Buenos Aires : UATA ; OPS.</subfield>
  </datafield>
  <datafield tag="653" ind1=" " ind2=" ">
    <subfield code="a">Control del tabaquismo en Argentina</subfield>
  </datafield>
  <datafield tag="653" ind1=" " ind2=" ">
    <subfield code="a">Mortalidad anual atribuible al tabaco en Argentina, a&#xF1;o 2009</subfield>
  </datafield>
  <datafield tag="653" ind1=" " ind2=" ">
    <subfield code="a">Mortallidad atribuible al tabaquismo en Argentina. Analisis de tendencia 1990-2000</subfield>
  </datafield>
  <datafield tag="653" ind1=" " ind2=" ">
    <subfield code="a">Estimulaci&#xF3;n de mortalidad prematura relacionada con el tabaco y a&#xF1;os de vida perdidos ajustados por discapacidad (AVAD) para el a&#xF1;o 2020, en Argentina</subfield>
  </datafield>
  <datafield tag="653" ind1=" " ind2=" ">
    <subfield code="a">Productividad perdida en Argentina por la mortalidad atribuible al tabaco en adultos</subfield>
  </datafield>
  <datafield tag="653" ind1=" " ind2=" ">
    <subfield code="a">Tabaquismo pasivo</subfield>
  </datafield>
  <datafield tag="653" ind1=" " ind2=" ">
    <subfield code="a">Contaminaci&#xF3;n ambiental con nicotina en la Ciudad Autonoma de Buenos Aires, a&#xF1;o 2002</subfield>
  </datafield>
  <datafield tag="653" ind1=" " ind2=" ">
    <subfield code="a">Contrabando en Argentina: antecedentes y situaci&#xF3;n actual</subfield>
  </datafield>
  <datafield tag="653" ind1=" " ind2=" ">
    <subfield code="a">Promoci&#xF3;n del tabaco y de la imgen de las tabacaleras en Argentina: historias repetidas</subfield>
  </datafield>
  <datafield tag="653" ind1=" " ind2=" ">
    <subfield code="a">Convenio Marco de la Organizaci&#xF3;n Mundial de la Salud para el control del Tabaco y la Legislaci&#xF3;n Argentina</subfield>
  </datafield>
  <datafield tag="942" ind1=" " ind2=" ">
    <subfield code="2">ddc</subfield>
    <subfield code="c">BK</subfield>
  </datafield>
  <datafield tag="999" ind1=" " ind2=" ">
    <subfield code="c">2168</subfield>
    <subfield code="d">2168</subfield>
  </datafield>
  <datafield tag="952" ind1=" " ind2=" ">
    <subfield code="0">0</subfield>
    <subfield code="1">0</subfield>
    <subfield code="2">ddc</subfield>
    <subfield code="4">0</subfield>
    <subfield code="7">0</subfield>
    <subfield code="a">BFM</subfield>
    <subfield code="b">BFM</subfield>
    <subfield code="c">CR</subfield>
    <subfield code="d">2015-06-30</subfield>
    <subfield code="e">Donaci&#xF3;n Manuel Ciruzzi, Junio 2015</subfield>
    <subfield code="l">0</subfield>
    <subfield code="o">616.86 67 PIT</subfield>
    <subfield code="p">3504</subfield>
    <subfield code="r">2015-06-30</subfield>
    <subfield code="t">Ej.1</subfield>
    <subfield code="w">2015-06-30</subfield>
    <subfield code="y">BK</subfield>
    <subfield code="z">Donaci&#xF3;n Manuel Ciruzzi, Junio 2015</subfield>
  </datafield>
</record>
